Adivinhe o país pela foto (Fácil) - Statistics

Estatísticas Gerais
  • Esse quiz foi jogado 8 110 vezes
    8 109 desde o último reset
  • A pontuação média é 12 de 16
Estatísticas das Respostas
Imagem Resposta % Correto
Brasil
97%
Egito
96%
França
96%
Estados Unidos
95%
Japão
94%
China
93%
Itália
90%
Índia
77%
Rússia
77%
Austrália
70%
Grécia
68%
México
66%
Reino Unido
60%
Alemanha
38%
Emirados Árabes Unidos
32%
Malásia
11%
Nenhum quiz correspondente encontrado
Distribuição das Pontuações
Porcentagem de Pessoas com Cada Pontuação
Percentil de Números Respondidos
Sua Pontuação Histórica
Você não jogou esse quiz desde o último reset